[Event "Mittelrhein Verbandsliga-N 18/19"]
[Site "Nordrheinwestfalen"]
[Date "2019.05.19"]
[Round "11.6"]
[White "Marx, David"]
[Black "Buettner, Ulrich"]
[Result "1/2-1/2"]
[WhiteElo "1659"]
[BlackElo "1772"]
[PlyCount "24"]
[EventDate "2018.09.02"]
[EventType "team-tourn"]
[EventRounds "12"]
[EventCountry "GER"]
[SourceTitle "EXT 2022"]
[Source "ChessBase"]
[SourceDate "2021.10.06"]
[SourceVersion "1"]
[SourceVersionDate "2021.10.06"]
[SourceQuality "1"]
[WhiteTeam "Koeln Worringen"]
[BlackTeam "Langenfeld II"]
[WhiteTeamCountry "GER"]
[BlackTeamCountry "GER"]

1. d4 d5 2. Bf4 Nf6 3. e3 e6 4. c3 c5 5. Bd3 Nc6 6. Nd2 Bd6 7. Bxd6 Qxd6 8. Ngf3 0-0 9. 0-0 e5 10. dxe5 Nxe5 11. Nxe5 Qxe5 12. Nf3 Qc7 1/2-1/2

[Event "Mittelrhein Verbandsliga-N 18/19"]
[Site "Nordrheinwestfalen"]
[Date "2018.12.16"]
[Round "5.5"]
[White "Marx, David"]
[Black "Heckoetter, Christian"]
[Result "0-1"]
[WhiteElo "1598"]
[BlackElo "2006"]
[PlyCount "120"]
[EventDate "2018.09.02"]
[EventType "team-tourn"]
[EventRounds "12"]
[EventCountry "GER"]
[SourceTitle "EXT 2022"]
[Source "ChessBase"]
[SourceDate "2021.10.06"]
[SourceVersion "1"]
[SourceVersionDate "2021.10.06"]
[SourceQuality "1"]
[WhiteTeam "Koeln Worringen"]
[BlackTeam "Bergische SF"]
[WhiteTeamCountry "GER"]
[BlackTeamCountry "GER"]

1. d4 e6 2. Nf3 f5 3. Bf4 Nf6 4. e3 b6 5. Bd3 Bb7 6. Nbd2 Be7 7. c3 0-0 8. Qe2 Ne4 9. h3 Nxd2 10. Qxd2 d6 11. Qe2 Nd7 12. Rg1 Kh8 13. 0-0-0 c5 14. g4 g5 15. Bh2 fxg4 16. Nxg5 Bxg5 17. Qxg4 Bf3 18. Qxg5 Qxg5 19. Rxg5 Bxd1 20. Kxd1 Rxf2 21. Bxd6 Rg8 22. Rxg8+ Kxg8 23. Kc1 cxd4 24. exd4 h6 25. Bb5 Nf8 26. Bb8 Rf7 27. Kd2 Ng6 28. Bc4 Nf8 29. Ke3 Rb7 30. Bd6 Kf7 31. Bxf8 Kxf8 32. Bxe6 Rg7 33. Kd3 Ke7 34. d5 Rg2 35. b3 Rxa2 36. Kc4 Rb2 37. Kb4 Kd6 38. c4 a5+ 39. Ka3 Rc2 40. Bf5 Rf2 41. Bg4 Kc5 42. Bd7 Rd2 43. Be8 Re2 44. Bh5 Re1 45. Bg4 Re5 46. Bd7 h5 47. Be6 h4 48. Bg4 Re1 49. Bf5 Rd1 50. Bg4 Rd2 51. Be6 Kd4 52. d6 Ke5 53. Bg4 Kxd6 54. b4 axb4+ 55. Kxb4 Rb2+ 56. Kc3 Rg2 57. Bf5 Kc5 58. Be6 Rg3+ 59. Kc2 Kd4 60. Kb2 Rc3 0-1

[Event "Mittelrhein Verbandsliga-N 18/19"]
[Site "Nordrheinwestfalen"]
[Date "2018.11.18"]
[Round "4.6"]
[White "Marx, David"]
[Black "Gerdau, Andreas"]
[Result "1/2-1/2"]
[WhiteElo "1598"]
[BlackElo "1899"]
[PlyCount "109"]
[EventDate "2018.09.02"]
[EventType "team-tourn"]
[EventRounds "12"]
[EventCountry "GER"]
[SourceTitle "EXT 2022"]
[Source "ChessBase"]
[SourceDate "2021.10.06"]
[SourceVersion "1"]
[SourceVersionDate "2021.10.06"]
[SourceQuality "1"]
[WhiteTeam "Koeln Worringen"]
[BlackTeam "Kalker/Deutzer SG"]
[WhiteTeamCountry "GER"]
[BlackTeamCountry "GER"]

1. d4 Nf6 2. Bf4 g6 3. Nf3 Bg7 4. Nbd2 0-0 5. e4 d6 6. c3 c5 7. Bd3 Nc6 8. a3 Bg4 9. h3 Bxf3 10. Nxf3 Nh5 11. Be3 cxd4 12. cxd4 Rc8 13. 0-0 Qd7 14. Rc1 a6 15. Qa4 Ne5 16. Qxd7 Nxd7 17. Rxc8 Rxc8 18. Rc1 Rxc1+ 19. Bxc1 Nhf6 20. b3 Nb8 21. e5 dxe5 22. dxe5 Nd5 23. Be4 e6 24. Bb2 Nd7 25. Bd4 Nb8 26. Bb2 Nc6 27. b4 Nb8 28. g3 Nd7 29. Bd4 Bf8 30. Nd2 a5 31. bxa5 Bxa3 32. Nc4 Bb4 33. Nd6 Bxa5 34. Nxb7 Bc3 35. Nc5 Nxc5 36. Bxc5 Bxe5 37. f4 Bc7 38. Bd4 Bb6 39. Bf2 Bxf2+ 40. Kxf2 Nf6 41. Bf3 Kf8 42. Ke3 Ke7 43. g4 h6 44. g5 hxg5 45. fxg5 Nd7 46. h4 Kd6 47. h5 gxh5 48. Bxh5 Ne5 49. Ke4 Ng6 50. Kd4 Nh8 51. Ke4 Ng6 52. Kd4 Nh4 53. Bxf7 Nf3+ 54. Ke3 Nxg5 55. Bxe6 1/2-1/2